Zmienność litologiczna osadów bio- i chemogenicznych na przykładzie wybranego profilu złoża Grabowo (Pomorze Środkowe) / (Rekord nr 1237)
| 000 -ETYKIETA REKORDU | |
|---|---|
| podpole kontrolne o stałej długości | 01679naa a2200253 i 4500 |
| 001 - NUMER KONTROLNY REKORDU | |
| podpole kontrolne | 1237 |
| 003 - IDENTYFIKATOR NUMERU KONTROLNEGO REKORDU | |
| podpole kontrolne | KOSZ 005 |
| 005 - DATA OSTATNIEJ MODYFIKACJI REKORDU | |
| podpole kontrolne | 20180213151931.0 |
| 008 - POLE O STAŁEJ DŁUGOŚCI - DANE KONTROLNE | |
| podpole kontrolne o stałej długości | 150320s2003 pl f |100 0 pol |
| 040 ## - ŹRÓDŁO KATALOGOWANIA | |
| Instytucja, która utworzyła rekord | BPK |
| Instytucja, która dokonała modyfikacji | KOSZ 005/EG |
| 080 ## - UNIWERSALNA KLASYFIKACJA DZIESIĘTNA - UKD | |
| UKD | 550.8 |
| 100 1# - NAZWA OSOBOWA | |
| Nazwa osobowa | ŻUREK-PYSZ, Urszula. |
| Lata pracy | 1996 - . |
| Instytucja | Politechnika Koszalińska - Wydział Budownictwa i Inżynierii Środowiska, |
| Wydział | Katedra Geotechniki |
| 245 10 - TYTUŁ/ODPOWIEDZIALNOŚĆ | |
| Tytuł | Zmienność litologiczna osadów bio- i chemogenicznych na przykładzie wybranego profilu złoża Grabowo (Pomorze Środkowe) / |
| Pozostałe elementy strefy tytułu i oznaczenia odpowiedzialności | Urszula Żurek-Pysz, Grzegorz Skalski. |
| 500 ## - UWAGI OGÓLNE | |
| Tekst uwagi | Dane z autopsji. |
| 520 ## - UWAGA DOTYCZĄCA TREŚCI DOKUMENTU | |
| Analiza dokumentacyjna, adnotacja itp. | W pracy szczególną uwagę poświęcono osadom biogenicznym (gytiom i kredzie jeziornej), w których faza stała składa się ze szczątków organicznych: fitogenicznych, o różnym stopniu przeobrażenia, zoogenicznych oraz ze składników mineralnych autogenicznych i allogenicznych. Przedstawiono różnorodność i zmienność cech litologicznych występujących w złożu Grabowo osadów oraz ich właściwości fizyczne. |
| 650 #0 - HASŁO PRZEDMIOTOWE W FORMIE NAZWY OGÓLNEJ LUB JEDNOSTKOWEJ | |
| Nazwa ogólna lub geograficzna | Geologia. |
| 650 #0 - HASŁO PRZEDMIOTOWE W FORMIE NAZWY OGÓLNEJ LUB JEDNOSTKOWEJ | |
| Nazwa ogólna lub geograficzna | Geomorfologia. |
| 650 #0 - HASŁO PRZEDMIOTOWE W FORMIE NAZWY OGÓLNEJ LUB JEDNOSTKOWEJ | |
| Nazwa ogólna lub geograficzna | Koszalińskie, Pobrzeże. |
| 655 #0 - TERMIN INDEKSOWY - OKREŚLENIE RODZAJU/FORMY DOKUMENTU | |
| Określnie rodzaju/formy dokumentu | Materiały konferencyjne. |
| 700 1# - HASŁO DODATKOWE - NAZWA OSOBOWA | |
| Nazwa osobowa | SKALSKI, Grzegorz. |
| Lata pracy | 1999 - 2006. |
| Instytucja | Politechnika Koszalińska - Wydział Budownictwa i Inżynierii Środowiska, |
| Wydział | Katedra Geotechniki |
| 773 0# - TYTUŁ DOKUMENTU MACIERZYSTEGO | |
| Wyrażenie wprowadzające | W : |
| Tytuł | Geologia i geomorfologia Pobrzeża i południowego Bałtyku. T. 5. - |
| Adres wydawniczy | Słupsk : Wydaw. Pomorskiej Akademii Pedagogicznej, 2003. - |
| Informacje dotyczące relacji | s. 173-186 |
| 711 22 - HASŁO DODATKOWE - NAZWA IMPREZY | |
| Nazwa imprezy | Konferencja "Geologia i geomorfologia Pobrzeża i południowego Bałtyku" |
| Oznaczenie części/sekcji dzieła | (5 ; |
| Data imprezy | 2002 ; |
| Miejsce imprezy | Słupsk / Rowy, Polska). |
| 942 ## - HASŁO DODATKOWE - ELEMENTY(KOHA) | |
| Typ dokumentu | Rozdział |
| Schemat klasyfikacji | Uniwersalna klasyfikacja dziesiętna |
Brak dostępnych egzemplarzy.
